There Ain't no Black in the Union Jack /

Furkejuvvon:
Bibliográfalaš dieđut
Váldodahkki: Gilroy, Paul
Materiálatiipa: Dovdameahttun
Giella:English
Almmustuhtton: Melbourne : The University of Chicago Press, 1991.
Fáttát:
Fáddágilkorat: Lasit fáddágilkoriid
Eai fáddágilkorat, Lasit vuosttaš fáddágilkora!

MARC

LEADER 000000000a22000000004500
001 011447
020 |a 0226294277 
041 0 |a eng 
082 0 4 |a 305.896   |b G489t 
100 1 |a Gilroy, Paul 
245 1 0 |a There Ain't no Black in the Union Jack /   |c Paul Gilroy. 
260 1 |a Melbourne :   |b The University of Chicago Press,   |c 1991. 
300 |a 270 páginas 
500 |a Colección George Yúdice 
650 4 |a NEGROS 
650 4 |a GRAN BRETAÑA 
650 4 |a POLITICA Y GOBIERNO 
650 4 |a CONDICIONES SOCIALES 
650 4 |a RELACION DE RAZAS 
650 4 |a RACISMO 
999 |c 16739  |d 16739 
942 |c BK  |h 305.896 G489t  |2 z